000 00349nam a2200133 a 4500
005 20140513081052.0
008 030203s19uu xx 00 eng d
050 _aP 333.73
_bYAM 2000
245 _aYamang-lupa :
_b(land resources).
260 _bMabuhay Boardgames,
_c2000.
300 _aPoster
650 _aLand resources--Poster
999 _c116363
_d116363